000
00279nam a22001217a 4500
008
171124b xxu||||| |||| 00| 0 eng d
041
_a
eng
080
_a
32
100
_a
19
101
_a
SHP
245
_a
BLACKS IN THE WHITE ESTABLISHMENT?
_c
ZWEUGENHAFT, R.L
942
_2
udc
_c
BK
999
_c
38496
_d
38496